Normal view
MARC view
- Maestros
Entry Materia
Number of records used in: 290
001 - NÚMERO DE CONTROL DEL REGISTRO
- campo de control: 813
003 - IDENTIFICADOR DE NUMERO DE CONTROL
- campo de control: MX-MxUPN
005 - FECHA Y HORA DE LA ÚLTIMA TRANSACCIÓN
- campo de control: 20241202102325.0
008 - DATOS DE LONGITUD FIJA
- campo de control de longitud fija: 241202ng fcnnnbaba b ana |d
035 ## - NÚMERO DE CONTROL DEL SISTEMA
- Número de control del sistema: UPN10000000813
040 ## - FUENTE DE LA CATALOGACIÓN
- Centro catalogador de origen: MX-MxUPN
- Lengua de catalogación: SPA
150 ## - ENCABEZAMIENTO - TEMÁTICO
- Término de materia o nombre geográfico como elemento inicial: Maestros
- Subdivisión de materia general: Formacion profesional
- Subdivisión de forma: Planes y programas
670 ## - FUENTE EN LA QUE SE LOCALIZARON DATOS
- Cita de la fuente: R/P
902 ## - CATALOGADOR
- Catalogador: PN/230796
